000 00307nam a2200121Ia 4500
100 _a#N/A
650 _aMangement
942 _cBK
654 _aCAREER WINNING STRATEGIES
245 _aAce your Career winning strategies for group discussion & personal Interview
260 _b#N/A
_c2008
546 _aENGLISH
999 _c32300
_d32300